00868nam a2200229 a 450000500170000000800410001701000140005802000260007202000230009803500130012103700150013404000180014908200110016710000290017824500940020726000650030127000500036630000370041694200250045399900170047895201430049520010905110431.0970417s1997 caua 001 0 eng  aENG-92475 c180.00a9781934364949 c180.00a1934364940 aEN-76008 bDBAD / PUB adplbEnglish  a230.53 aNithyananda, Paramahamsa aRising in love with the master:cby Paramahamsa Nithyananda bthe greatest love affair / aBangalorebNithyananda Vedic Sciences University Pressc2007 aOff Mysore Road, Bidadi, bBangalore e562109 a183p.:c21 cm (pbk)bb&w photos  2ddccENmNITh230.53 c20898d20898 00102ddc40718NFICaDBADbDBADd2009-01-12eDBAD / PUBg180.00l0o230.53 NITpEN-76008r2009-01-12 00:00:00t1v180.00w2009-01-12yEN